| 000 | 00633nam a2200181 a 4500 | ||
|---|---|---|---|
| 001 | 15945 | ||
| 003 | CO-ViMGA | ||
| 008 | 141112s2004 ck r 000 u spa d | ||
| 040 |
_aCO-ViMGA _bspa _cCO-ViMGA |
||
| 082 | 0 | 4 | _a467.9861 M657e |
| 100 | 1 |
_aMontes Giraldo, Jose Joaquín _922891 |
|
| 245 | 1 | 0 |
_aEl Español hablado en Bogotá : _bAnálisis previo de su estratificación social |
| 260 |
_aBogotá, _cInstituto Caro y Cuervo, _c1998 |
||
| 300 | _a284.p. | ||
| 590 |
_aForma de adquisición : Donación Biblioteca Nacional 2003 - - Precio : _10.000 |
||
| 650 | 1 | 4 |
_aESPAÑOL EN Bogotá - InvestigaciónES _922892 |
| 942 |
_2ddc _cBK |
||
| 999 |
_c25942 _d25942 |
||